Geography Fourteen - Statistics

General Stats
  • This quiz has been taken 97 times
  • The average score is 16 of 25
Answer Stats
Hint Answer % Correct
3b) " " Haiti
97%
11) Ankara is the capital of which country? Turkey
95%
7) What is the capital of Croatia? Zagreb
91%
3a) Name 3 countries beginning with 'H'? Honduras
90%
3c) " " Hungary
90%
18) The Carpathian Mountains are found within which Continent? Europe
88%
15) Which country is due north of Jamaica? Cuba
87%
4) Which country borders Italy, Austria, Croatia and Hungary? Slovenia
87%
8) What is the worlds largest island nation in area? (not Australia) Indonesia
86%
12) There are how many Caribbean sovereign island nations? 13
79%
10) The Isle of Man is located in what sea? The Irish Sea
74%
1) The island in the given picture (above), is a territory of which country? Chile
66%
5) What is the nearest country to Ashgabat the capital of Turkmenistan? Iran
64%
9c) " " igneous
63%
6) What is the only US State that borders 3 Canadian Provinces and / or Territories? Montana
59%
13) Rotorua noted for its geothermal activity and geysers is in what country? New Zealand
59%
20) Which major river runs through Lake Geneva before its run to the sea? The Rhone
57%
9a) The three main types / classes of rock are? sedimentary
53%
19) 'Laotian chorus' is the anagram of which US State? South Carolina
50%
9b) " " metamorphic
47%
16a) Which 2 European capital cities have names whose letters are in reverse alphabetical order? Rome
40%
17) Which country in the world has the most islands (221,800) ? Sweden
36%
14) Which nation has a 'machete' on its flag? Angola
27%
16b) " " Riga
26%
2) Which country's flag centrepiece has 5 blue shields within a white shield within a red shield? Portugal
9%
No matching quizzes found
Score Distribution
Percent of People with Each Score
Percentile by Number Answered
Your Score History
You have not taken this quiz